[Event "Szeged TT05 IM"]
[Site "Szeged"]
[Date "1998.05.24"]
[Round "4"]
[White "Revuckij, Vladimir"]
[Black "Ianov, Viktor"]
[Result "0-1"]
[WhiteElo "2215"]
[BlackElo "2360"]

1.e4 d6 2.d4 g6 3.Nc3 Bg7 4.Bg5 h6 5.Bh4 c6 6.Nf3 Qb6 7.Qd2 Qxb2 8.Rb1 Qa3
9.e5 d5 10.Bd3 e6 11.O-O Nd7 12.Rb3 Qf8 13.Na4 g5 14.Bg3 Ne7 15.h4 g4 16.Nh2 h5
17.f3 Bh6 18.Qe2 gxf3 19.Qxf3 Qg7 20.Be1 Ng6 21.Kh1 Nf4 22.g3 Nxd3 23.Rxd3 Qg6
24.Qf2 b6 25.Rf3 Ba6 26.Rg1 Bf8 27.Nb2 c5 28.c3 cxd4 29.cxd4 Rc8 30.Rc3 Qe4+
31.Nf3 Rxc3 32.Bxc3 Be2 33.Kg2 Rg8 34.Re1 Bxf3+ 35.Qxf3 Qxh4 36.Rh1 Qg5 37.Rxh5 Qc1
38.Qd3 Bh6 39.Nd1 Bf4 40.Rh3 Bg5 41.Qh7 Rf8 42.Qd3 Qa3 43.Qc2 Rg8 44.Kh1 Qa6
45.Kg2 Qc4 46.Qf2 Qd3 47.Qe1 Bf4 48.Bb4 Qxd4  0-1

[Event "Warsaw-ch"]
[Site "Warsaw"]
[Date "1998.05.27"]
[Round "5"]
[White "Grabarczyk, Bogdan"]
[Black "Grzelak, Artur"]
[Result "1-0"]
[WhiteElo "2425"]
[BlackElo "2270"]

1.e4 d6 2.d4 g6 3.Nc3 Bg7 4.Be3 Nf6 5.f3 O-O 6.Qd2 e5 7.Nge2 exd4 8.Nxd4 d5
9.e5 Nfd7 10.Nxd5 Bxe5 11.O-O-O Nb6 12.Nc3 Nc6 13.Nxc6 Qxd2+ 14.Bxd2 bxc6
15.Re1 Bg7 16.Re7 Bd7 17.Ba6 Rfe8 18.Rhe1 Kf8 19.Rxe8+ Rxe8 20.Ne4 f5 21.Nc5 Rxe1+
22.Bxe1 Ke7 23.Nxd7 Kxd7 24.Bf2 Kd6 25.c3 Be5 26.g3 f4 27.g4 c5 28.Kc2 h6
29.b4 cxb4 30.cxb4 Kd5 31.Kd3 Bd6 32.Bb7+ Ke6 33.a3 Kd7 34.Bd4 c6 35.Ke4 Nc4
36.Bxa7 Nxa3 37.h4 Nc4 38.Kd3 Ne5+ 39.Ke4 Nc4 40.b5 cxb5 41.Bd5 Nd2+ 42.Kd3 Nf1
43.Bd4 Be7 44.Bg7 Bxh4 45.Bxh6 Kd6 46.Bf7 g5 47.Bf8+ Ke5 48.Be8 Ne3 49.Bxb5 Ke6
50.Bb4 Kf6 51.Ke4 Nc2 52.Bc3+ Kg6 53.Be8+ Kh6 54.Kf5 Be1 55.Bf6 Ne3+ 56.Ke6 Nd1
57.Ba4 Nc3 58.Bc2 Nb5 59.Bd3 Nc7+ 60.Kf7  1-0

[Event "Warsaw-ch"]
[Site "Warsaw"]
[Date "1998.05.29"]
[Round "7"]
[White "Kolasinski, Marek"]
[Black "Grzelak, Artur"]
[Result "0-1"]
[WhiteElo "2280"]
[BlackElo "2270"]

1.e4 d6 2.d4 g6 3.Nc3 Bg7 4.Be3 Nf6 5.Qd2 O-O 6.f3 e5 7.d5 c5 8.Nge2 Na6
9.Bh6 Nxe4 10.Nxe4 Qh4+ 11.g3 Qxh6  0-1

[Event "Warsaw-ch"]
[Site "Warsaw"]
[Date "1998.05.30"]
[Round "8"]
[White "Wiech, Grzegorz"]
[Black "Grzelak, Artur"]
[Result "1-0"]
[WhiteElo "2300"]
[BlackElo "2270"]

1.e4 d6 2.d4 g6 3.Nc3 Bg7 4.f4 Nf6 5.e5 Ng4 6.Nf3 O-O 7.h3 Nh6 8.Be3 c6 9.Qd2 Nf5
10.Bf2 dxe5 11.dxe5 Qxd2+ 12.Nxd2 f6 13.Bc4+ Kh8 14.g4 Nh6 15.exf6 exf6 16.O-O-O Nd7
17.Nde4 f5 18.Nd6 fxg4 19.Nxc8 Raxc8 20.Be6 Nf6 21.Bxc8 Rxc8 22.Bxa7 g3 23.Bd4 Nf5
24.Be5 h5 25.h4 Ng4 26.Bxg7+ Kxg7 27.Rd7+ Kf8 28.Ne4 g2 29.Rg1 Nxh4 30.Ng5 Re8
31.Kd2 Ra8 32.a3 Ra5 33.Rd3 Nf2 34.Re3 Rf5 35.Ke2 Ng4 36.Rh3 Rxg5 37.fxg5 Nf5
38.Rxg2 Nd4+ 39.Kd2 Ne6 40.Rf3+ Kg7 41.Re2 Nxg5 42.Re7+ Kh6 43.Rf8 Nh3 44.Rxb7 h4
45.a4 Nhf2 46.Re7 h3 47.Rxf2  1-0

[Event "Warsaw-ch"]
[Site "Warsaw"]
[Date "1998.05.31"]
[Round "9"]
[White "Pinski, Jan"]
[Black "Rutkowska, Mariola"]
[Result "1-0"]
[WhiteElo "2330"]
[BlackElo "2055"]

1.e4 g6 2.d4 Bg7 3.Nc3 d6 4.Be2 Nc6 5.Be3 e5 6.dxe5 Bxe5 7.Qd2 Bg7 8.O-O-O Nge7
9.Bh6 O-O 10.h4 f6 11.Nf3 Be6 12.h5 g5 13.Bxg7 Kxg7 14.Nd5 h6 15.Qc3 Bxd5
16.exd5 Ne5 17.Nd4 Qd7 18.Ne6+ Kh8 19.Nxf8 Rxf8 20.g3 c6 21.f4 gxf4 22.gxf4 Ng4
23.Qh3 f5 24.Qc3+ Kh7 25.dxc6 bxc6 26.Bxg4 fxg4 27.Qd3+ Kh8 28.Qxd6 Qxd6
29.Rxd6 Rxf4 30.Re1 Nf5 31.Rd7  1-0

[Event "Hamburg-chI"]
[Site "Hamburg"]
[Date "1998.06.04"]
[Round "7"]
[White "Hegeler, Frank"]
[Black "Engelbert, Christoph"]
[Result "1-0"]
[WhiteElo "2330"]
[BlackElo "2250"]

1.d4 g6 2.e4 Bg7 3.Nc3 d6 4.Be3 a6 5.Qd2 b5 6.a4 b4 7.Nd1 a5 8.c3 Nf6 9.f3 bxc3
10.bxc3 Nbd7 11.Bh6 Bxh6 12.Qxh6 c5 13.Bb5 cxd4 14.cxd4 Ba6 15.Nc3 e6 16.Nge2 Ke7
17.O-O Qf8 18.Qe3 Qb8 19.Rab1 Qa7 20.Bxa6 Qxa6 21.e5 dxe5 22.dxe5 Ne8 23.Rfd1 Qa7
24.Nd4 Kf8 25.Ncb5 Qc5 26.f4 g5 27.fxg5 Qxe5 28.Nxe6+ fxe6 29.Qf3+ Ndf6 30.Qxa8 Qxg5
31.Qxa5 Rg8 32.Qb4+ Kf7 33.Qd2 Qh4 34.Rb4 Qh5 35.Rf1 Qc5+ 36.Qd4 Qxd4+ 37.Rxd4 Ke7
38.a5 Rg5 39.Rb1  1-0

[Event "Stockholm Elo"]
[Site "Stockholm"]
[Date "1998.06.06"]
[Round "1"]
[White "Couso, Luis"]
[Black "Burwick, Malte"]
[Result "1-0"]
[WhiteElo "2235"]
[BlackElo "2270"]

1.e4 g6 2.d4 Bg7 3.Nc3 d6 4.Be3 a6 5.Qd2 b5 6.Bd3 Nd7 7.Nf3 Bb7 8.a4 b4 9.Ne2 c5
10.c3 a5 11.O-O cxd4 12.cxd4 e6 13.Bg5 Qb6 14.h4 Ngf6 15.Ng3 h6 16.Bxf6 Bxf6
17.Bb5 Rd8 18.h5 g5 19.e5 Bg7 20.Rae1 dxe5 21.Nxe5 Bxe5 22.dxe5 Ke7 23.Qe2 Nc5
24.Kh2 Rd4 25.Rd1 Rhd8 26.Rxd4 Rxd4 27.Qe3 Rh4+ 28.Kg1 Rf4 29.Rc1 Nxa4 30.Bxa4 Qxe3
31.fxe3 Rg4 32.Rc7+ Kf8 33.Kf2 Bd5 34.Bd1 Rh4 35.Ra7 Rc4 36.Rxa5 Rc1 37.Be2 Rc2
38.b3 Bxb3 39.Rb5 Ba2 40.Rxb4 Rc5 41.Rb2 Ra5 42.Rb5 Ra4 43.Bf3 Bc4 44.Rb8+ Kg7
45.Ne4 Ra2+ 46.Kg3 Ra5 47.Nd6  1-0

[Event "Stockholm Elo"]
[Site "Stockholm"]
[Date "1998.06.08"]
[Round "3"]
[White "Gamback, Bjorn"]
[Black "Burwick, Malte"]
[Result "0-1"]
[WhiteElo "2240"]
[BlackElo "2270"]

1.d4 d6 2.e4 g6 3.Nc3 Bg7 4.Be3 c6 5.g3 Nf6 6.h3 O-O 7.Bg2 e5 8.Nge2 Nbd7
9.O-O Re8 10.Qd2 b5 11.a3 Bb7 12.Rad1 a6 13.Bh6 Nb6 14.Bxg7 Kxg7 15.dxe5 dxe5
16.Qg5 Nfd7 17.Qg4 h5 18.Qf3 Qe7 19.Nc1 Nc4 20.Nd3 a5 21.a4 b4 22.Ne2 c5
23.g4 Nf6 24.gxh5 Bxe4 25.h6+ Kxh6 26.Qg3 Nh5 27.Qh2 Bxg2 28.Qxg2 Rac8 29.b3 Nd6
30.Qd5 Nf5 31.Qe4 Nf6 32.Qg2 Kg7 33.Rfe1 Qc7 34.Qg5 Ne4 35.Qg4 Nf6 36.Qc4 Nh5
37.Qe4 f6 38.Nb2 Rcd8 39.Nc4 Rh8 40.Qg4 Nh6 41.Qe6 Nf7 42.Qb6 Qc8 43.Rxd8 Rxd8
44.Kh2 Rh8 45.Ng1 Nf4 46.Re3 Nd5 47.Qxa5 Nxe3 48.Nxe3 Ng5 49.Qa7+ Nf7 50.Nd5 Qc6
51.c4 bxc3 52.Nxc3 Ra8 53.Qe7 Re8 54.Qa7 e4 55.Nd1 Qd6+  0-1

[Event "Stockholm Elo"]
[Site "Stockholm"]
[Date "1998.06.09"]
[Round "4"]
[White "Couso, Luis"]
[Black "Sandstrom, Ludvig"]
[Result "0-1"]
[WhiteElo "2235"]
[BlackElo "2325"]

1.e4 g6 2.d4 Bg7 3.Nc3 d6 4.Be3 Nd7 5.Qd2 e5 6.Nf3 Ngf6 7.dxe5 dxe5 8.Bc4 O-O
9.O-O-O Qe7 10.Nd5 Nxd5 11.exd5 e4 12.Nd4 Ne5 13.Bb3 c5 14.dxc6 bxc6 15.Bh6 Bxh6
16.Qxh6 c5 17.Bd5 cxd4 18.Bxa8 Bf5 19.Bd5 Qc5 20.Bb3 Nd3+ 21.Rxd3 exd3 22.Qg5 dxc2
23.g4 Qc6 24.Re1 Bd3 25.Qf4 Qc5 26.Re5 Qc6 27.Re1 Bc4 28.Qxd4 Bxb3 29.axb3 Rc8
30.Qa4 Qd5 31.Qb4 Rd8  0-1

[Event "Stockholm Elo"]
[Site "Stockholm"]
[Date "1998.06.12"]
[Round "7"]
[White "Norqvist, Jorgen"]
[Black "Burwick, Malte"]
[Result "1/2-1/2"]
[WhiteElo "2125"]
[BlackElo "2270"]

1.e4 g6 2.d4 Bg7 3.Nc3 d6 4.Bc4 Nc6 5.Nf3 Nf6 6.d5 Nb8 7.Be3 O-O 8.Qd2 c6
9.dxc6 Nxc6 10.Bh6 Qb6 11.Bxg7 Kxg7 12.Bb3 Bg4 13.Ng1 Qd4 14.Qxd4 Nxd4 15.f3 Bd7
16.Nge2 Nxb3 17.axb3 Rfc8 18.Kd2 e5 19.Rhd1 Bc6 20.Kc1 Rd8 21.Ng3 a6 22.Nf1 d5
23.exd5 Nxd5 24.Nxd5 Bxd5 25.Ra5 b5 26.c4 Bb7 27.Rxd8 Rxd8 28.cxb5 axb5 29.Nd2 Bc6
30.Ra6 Rc8 31.Kd1 h5 32.h4 Rc7 33.Rb6 Kf6 34.Ke2 Ke6 35.Ne4 Kd5 36.Rb8 Kd4
37.Rd8+ Rd7 38.Rxd7+ Bxd7 39.Nf6 Be6 40.g4 hxg4 41.fxg4 e4 42.b4 Ke5 43.g5 Kf4
44.Ne8 Bc4+ 45.Ke1 Kg3 46.Nd6 Bd3 47.Nxf7 Kxh4 48.Kf2 Kg4 49.Ke3 Kf5 50.Kd2 Kf4
51.Ke1 e3 52.Kd1 Ke4 53.Ke1 Kd5 54.Kd1 Ke6 55.Nh6 Ke5 56.Nf7+ Kd4 57.Ke1 Bf5
58.Nd6 Bd3 59.Nf7 Ke4 60.Nd6+ Kf4 61.Nf7 Bc4 62.Nd6 Bd3  1/2-1/2

[Event "Voronezh op"]
[Site "Voronezh"]
[Date "1998.06.12"]
[Round "1"]
[White "Lastin, Alexander"]
[Black "Malashenko, Alyona"]
[Result "1/2-1/2"]
[WhiteElo "2535"]
[BlackElo "2150"]

1.e4 d6 2.Nc3 g6 3.d4 Bg7 4.Be2 Nf6 5.Nf3 O-O 6.O-O e5 7.dxe5 dxe5 8.Nxe5 Nxe4
9.Nxe4 Bxe5 10.Bf3 Qxd1 11.Rxd1 Nd7 12.c3 Bg7 13.Bf4 Ne5 14.Be2 Bf5 15.Nc5 b6
16.Na6 c6 17.Rd2 Rfd8 18.Rad1 Rxd2 19.Rxd2 Re8 20.h3  1/2-1/2

[Event "Stockholm Elo"]
[Site "Stockholm"]
[Date "1998.06.13"]
[Round "8"]
[White "Andersson, Mats"]
[Black "Burwick, Malte"]
[Result "1/2-1/2"]
[WhiteElo "2320"]
[BlackElo "2270"]

1.e4 g6 2.d4 Bg7 3.Nc3 d6 4.f4 Nf6 5.Nf3 c5 6.dxc5 Qa5 7.Bd3 Qxc5 8.Qe2 O-O
9.Be3 Qa5 10.O-O Bg4 11.Qe1 Nc6 12.Nd2 Bd7 13.Nb3 Qd8 14.Kh1 Ng4 15.Bg1 f5
16.exf5 gxf5 17.Bc4+ Kh8 18.Rd1 Qc8 19.Qe2 Re8 20.h3 Nf6 21.Rfe1 Nd8 22.Bf2 Qb8
23.Bh4 e6 24.Qd2 b5 25.Bd3 b4 26.Ne2 a5 27.Nbd4 Nf7 28.Ng3 Qb6 29.Nf3 Bc6
30.Ng5 Nxg5 31.fxg5 Nd5 32.Bxf5 exf5 33.Nxf5 Qc7 34.Nxg7 Qxg7 35.Bg3 Qg6
36.Qd4+ Kg8 37.Rxe8+ Rxe8 38.Qc4 Ba8 39.Rxd5 Bxd5 40.Qxd5+ Qf7 41.Qxd6  1/2-1/2

[Event "Agency"]
[Site "London"]
[Date "1998.06.15"]
[Round "1"]
[White "Waitzkin, Joshua"]
[Black "Burnett, Ronald"]
[Result "0-1"]
[WhiteElo "2465"]
[BlackElo "2400"]

1.e4 g6 2.d4 Bg7 3.Nc3 d6 4.Be3 a6 5.Bd3 b5 6.Nf3 Bb7 7.e5 Nd7 8.e6 fxe6
9.Ng5 Nf8 10.O-O Qd7 11.Re1 Nh6 12.a4 b4 13.Nce4 Nf5 14.Qf3 Rb8 15.c3 h6
16.Nh3 Nh7 17.Qg4 Kf7 18.Nf4 g5 19.Nh5 Nf6 20.Nexf6 exf6 21.Bd2 bxc3 22.bxc3 Bc6
23.Re2 Nh4 24.f4 f5 25.Qg3 Bf8 26.fxg5 hxg5 27.Qxg5 Qe7 28.Ng3 Qxg5 29.Bxg5 Nxg2
30.Bc4 d5 31.Bxa6 Nh4 32.Bxh4 Rxh4 33.Bd3 f4 34.Nf1 Bd6 35.a5 e5 36.dxe5 Bc5+
37.Kh1 d4+ 38.Be4 f3 39.e6+ Ke7 40.Bxc6 fxe2 41.Ng3 d3  0-1

[Event "Keres mem op"]
[Site "Tallin"]
[Date "1998.06.15"]
[Round "2"]
[White "Tsiganova, Monika"]
[Black "Fridman, Daniel"]
[Result "0-1"]
[WhiteElo "2305"]
[BlackElo "2520"]

1.d4 g6 2.e4 Bg7 3.Nc3 d6 4.Bc4 Nf6 5.Qf3 Nc6 6.Nge2 O-O 7.Bg5 h6 8.Bh4 e5
9.Bxf6 Bxf6 10.Qg3 exd4 11.Nd5 Ne5 12.Nxf6+ Qxf6 13.Bb3 c5 14.f4 Ng4 15.f5 Ne3
16.c3 Kh7 17.cxd4 cxd4 18.fxg6+ fxg6 19.Rc1 Bg4 20.Rc7+ Kh8 21.h3 Bxe2 22.Kxe2 Nf1
23.Qe1 Qg5 24.Kd3 Qxg2 25.Qc1 g5 26.Rxf1 Qxh3+ 27.Kxd4 Rxf1 28.Qc4 Re8 29.Qb5 Rxe4+  0-1

[Event "CZE-ch"]
[Site "Zlin"]
[Date "1998.06.15"]
[Round "3"]
[White "Movsesian, Sergei"]
[Black "Vokac, Marek"]
[Result "1-0"]
[WhiteElo "2595"]
[BlackElo "2510"]

1.e4 g6 2.Nc3 Bg7 3.d4 d6 4.Be3 a6 5.f4 b5 6.Be2 Bb7 7.Bf3 Nd7 8.e5 Bxf3
9.Qxf3 b4 10.Nce2 e6 11.O-O-O Ne7 12.g4 h5 13.gxh5 Rxh5 14.Ng3 Rh4 15.Qf2 Nd5
16.Nf3 Rg4 17.Bd2 Rb8 18.h3 Rxg3 19.Qxg3 c5 20.f5 Nc3 21.Rde1 Nxa2+ 22.Kd1 cxd4
23.fxe6 b3 24.exd7+ Qxd7 25.cxb3 Kf8 26.exd6 Rxb3 27.Ne5 Qa4 28.Nd7+ Kg8
29.Re8+ Bf8 30.Rxf8+  1-0

[Event "Keres mem op"]
[Site "Tallin"]
[Date "1998.06.17"]
[Round "4"]
[White "Raud, Rainer"]
[Black "Korchagin, Oleg"]
[Result "1/2-1/2"]
[WhiteElo "2385"]
[BlackElo "2140"]

1.e4 g6 2.d4 Bg7 3.Nc3 d6 4.Be2 c6 5.a4 b6 6.Bg5 h6 7.Be3 Nd7 8.Qd2 Bb7 9.Nf3 a6
10.O-O e6 11.h3 Ne7 12.Nh2 d5 13.f3 c5 14.Kh1 e5 15.Nxd5 Nxd5 16.exd5 cxd4
17.Bg1 Bxd5 18.c3 O-O 19.cxd4 e4 20.fxe4 Bxe4 21.Qf4 Bd5 22.Ng4 h5 23.Ne3 Bb7
24.Nc4 Bd5 25.Qd6 Bb7 26.Rad1 Rc8 27.b3 b5 28.axb5 axb5 29.Ne3 Rc3 30.Bxb5 Nf6
31.Qxd8 Rxd8 32.Bc4 Nd5 33.Rf3 Kf8 34.Rdf1 f5 35.Nxd5 Rxf3 36.Rxf3 Bxd5 37.Rd3 Ke7
38.Be3 Kd6 39.Kg1 Kc6 40.Rc3 Kb6 41.Rc1 Kb7 42.Kf1 Bf6 43.Bxd5+ Rxd5 44.Ke2 f4
45.Bxf4 Rxd4 46.Rc4 Rxc4 47.bxc4 Kc6 48.Kd3 Bg7 49.Bc1 Bf6 50.Ba3 Kd7 51.Ke4 Kc6
52.Bf8 Bb2 53.Be7 Bc3 54.Kf4 Kd7 55.Bh4 Ke6 56.Kg5 Bf6+ 57.Kxg6 Bxh4 58.Kxh5 Bg3
59.Kg5 Kd6 60.h4 Kc5 61.h5 Kxc4 62.Kf5 Kd5 63.h6 Kd6 64.Kf6 Kd5 65.h7 Be5+
66.Kf5 Kd6 67.g3 Bh8 68.g4 Ke7 69.Kg6 Kf8 70.g5 Ba1  1/2-1/2

[Event "Gold Coast op"]
[Site "Gold Coast"]
[Date "1998.06.20"]
[Round "4"]
[White "Solomon, Stephen J"]
[Black "Stephson, David"]
[Result "1-0"]
[WhiteElo "2435"]
[BlackElo "2200"]

1.e4 g6 2.d4 Bg7 3.Nc3 d6 4.f4 Nc6 5.Nf3 Bg4 6.Be3 Bxf3 7.gxf3 d5 8.Qd2 e6
9.O-O-O Nge7 10.h4 h5 11.f5 exf5 12.Bh3 Qd7 13.Bg5 dxe4 14.fxe4 Qxd4 15.exf5 Qxd2+
16.Rxd2 gxf5 17.Nb5 Be5 18.Re1 f6 19.Rxe5 fxg5 20.Nxc7+ Kf7 21.Re1 Rac8 22.Nb5 g4
23.Nd6+ Kf6 24.Nxc8 Rxc8 25.Rd6+ Kf7 26.Bf1 Rf8 27.Rh6 Ng6 28.Rxh5 Kg7 29.Bd3 Nce7
30.Re6 Rf6 31.Rxf6 Kxf6 32.Kd2 f4 33.Be4 b6 34.Rg5 g3 35.Rg4 Nf5 36.h5 Ngh4
37.h6 g2 38.h7  1-0

[Event "Agency"]
[Site "London"]
[Date "1998.06.20"]
[Round "6"]
[White "Rowson, Jonathan"]
[Black "Burnett, Ronald"]
[Result "0-1"]
[WhiteElo "2485"]
[BlackElo "2400"]

1.d4 g6 2.e4 Bg7 3.Nc3 d6 4.Be3 c6 5.f4 b5 6.Bd3 Qb6 7.e5 dxe5 8.fxe5 Bxe5
9.Nf3 Bg7 10.Qd2 b4 11.Ne2 Nf6 12.O-O Ba6 13.Bxa6 Nxa6 14.Ne5 Rd8 15.Rad1 Nc7
16.Bh6 O-O 17.Bxg7 Kxg7 18.Ng3 Ne6 19.c3 bxc3 20.bxc3 Rd5 21.Nc4 Qc7 22.Ne3 Rg5
23.Rf3 h5 24.Rdf1 h4 25.Ngf5+ gxf5 26.Nxf5+ Rxf5 27.Rxf5 Rh8 28.Qd1 Rh6 29.Qf3 Qc8
30.Qf2 Qa6 31.Qf3 Rg6 32.Kh1 Ng5 33.Qf4 Nge4 34.Re5 Qxa2 35.Qf3 Ng5 36.Qe2 Qxe2
37.Rxe2 Nge4 38.Re3 Rg5 39.Rf4 Rb5 40.g4 Rb1+ 41.Kg2 Rb2+ 42.Kg1 a5 43.Rf5 Rb5
44.Re5 Ng5 45.Rxb5 cxb5 46.Rxe7 Nd5 47.Ra7 Nxc3 48.Rxa5 Nge4 49.Kg2 b4 50.Ra6 b3
51.Rb6 Nd2 52.Rb4 Nd1 53.Kh3 b2 54.d5 b1=Q 55.Rxb1 Nxb1 56.d6 Kf8 57.Kxh4 Nd2
58.d7 Ke7 59.Kh5 Nf3  0-1

[Event "NLD-ch"]
[Site "Rotterdam"]
[Date "1998.06.22"]
[Round "2"]
[White "Van der Weide, Karel"]
[Black "Nijboer, Friso"]
[Result "1-0"]
[WhiteElo "2450"]
[BlackElo "2580"]

1.e4 g6 2.d4 d6 3.Nc3 Bg7 4.g3 Nf6 5.Bg2 O-O 6.Nge2 e5 7.h3 c6 8.a4 a5 9.O-O Na6
10.Be3 Nb4 11.Qd2 Be6 12.Rad1 Bc4 13.Rfe1 Qc7 14.b3 Ba6 15.g4 Rad8 16.Ng3 Rfe8
17.g5 Nd7 18.d5 Rc8 19.Rc1 Nb6 20.h4 cxd5 21.Nxd5 N6xd5 22.exd5 Na2 23.Ra1 Nc3
24.Ne4 Nxe4 25.Bxe4 f5 26.gxf6 Bxf6 27.h5 Qd7 28.f3 gxh5 29.c4 Kh8 30.Kh2 Rg8
31.Rg1 b6 32.Bf2 Qe7 33.Qh6 Rg5 34.Bh4 Rcg8 35.Bxh7 Qxh7 36.Qxf6+ R5g7 37.Ra2 Qd3
38.Rag2 Qh7 39.Bf2 Bc8 40.Be3 Qf5 41.Qh6+ Qh7 42.Rxg7  1-0

[Event "Copenhagen op"]
[Site "Copenhagen"]
[Date "1998.06.25"]
[Round "5"]
[White "Gullaksen, Eirik T"]
[Black "Hoi, Carsten"]
[Result "1-0"]
[WhiteElo "2345"]
[BlackElo "2430"]

1.e4 d6 2.d4 g6 3.Nc3 Bg7 4.Nf3 Nf6 5.h3 O-O 6.Be3 a6 7.a4 Nc6 8.Qd2 e5 9.dxe5 Nxe5
10.Nxe5 dxe5 11.Qxd8 Rxd8 12.Bc4 Bd7 13.f3 Bc6 14.g4 Bf8 15.Ke2 Bb4 16.Na2 Ba5
17.Nc1 Bb6 18.Bg5 Rd4 19.Bd3 Kg7 20.a5 Ba7 21.c3 Rd6 22.Bc4 Ng8 23.Nd3 f6
24.Bh4 Be8 25.g5 f5 26.Bg3 f4 27.Bh2 Rad8 28.Rad1 Be3 29.Bg1 Ne7 30.Bxe3 fxe3
31.Kxe3 Nc6 32.b4 Bf7 33.Bxf7 Kxf7 34.Rd2 Re8 35.Rhd1 Rb8 36.Nc5 Ke7 37.Rd5 Rxd5
38.Rxd5  1-0

[Event "White Nights op"]
[Site "St Petersburg"]
[Date "1998.06.25"]
[Round "6"]
[White "Klimov, Sergey"]
[Black "Khamidulin, Viacheslav"]
[Result "1-0"]
[WhiteElo "2365"]
[BlackElo "2245"]

1.e4 g6 2.d4 Bg7 3.Nc3 d6 4.g3 Nf6 5.Bg2 O-O 6.Nge2 Nbd7 7.O-O e5 8.h3 Re8
9.a4 a5 10.Re1 exd4 11.Nxd4 Nc5 12.Ndb5 Bd7 13.Bg5 h6 14.Bf4 g5 15.Bc1 Bc6
16.Nd4 Bxe4 17.Nxe4 Ncxe4 18.Nf5 Bf8 19.Be3 Qd7 20.g4 d5 21.h4 c5 22.c3 Rad8
23.hxg5 Nxg5 24.f3 Qc6 25.Qd2 Nfh7 26.Qf2 b6 27.Bf4 Qf6 28.Qg3 Qg6 29.Be5 f6
30.Bc7 Rd7 31.Rxe8 Qxe8 32.Re1 Qc8 33.Bf4 d4 34.cxd4 cxd4 35.Rc1 Qb7 36.Kh1 Bg7
37.Qe1 Nf8 38.Rd1 Ng6 39.Bg3 Qc8 40.Rxd4 Rxd4 41.Nxd4 Qd7 42.Nf5 Qxa4 43.f4 Nxf4
44.Ne7+ Kf7 45.Bxf4  1-0

[Event "SVK-ch"]
[Site "Prievidza"]
[Date "1998.06.27"]
[Round "1.55"]
[White "Kviatkovska, Zuzana"]
[Black "Kebis, Milos"]
[Result "0-1"]
[WhiteElo "1863"]
[BlackElo "2125"]

1.e4 g6 2.d4 Bg7 3.Nc3 d6 4.f4 Nd7 5.Nf3 c5 6.Be3 Qa5 7.Qd2 Ngf6 8.e5 cxd4
9.Bxd4 dxe5 10.fxe5 Ng4 11.e6 Nde5 12.Bb5+ Kf8 13.Nxe5 Bxe5 14.Bxe5 Nxe5
15.exf7 Nxf7 16.O-O Bf5 17.Qf4 Kg7 18.Rae1 e5 19.Rxe5 a6 20.Rxf5 gxf5 21.Qxf5 Qb6+
22.Kh1 Rhf8 23.Bd3 Qh6 24.Qg4+ Kh8 25.Qe4 b5 26.Ne2 Rae8 27.Qd4+ Qg7 28.Qb6 Ne5
29.Bf5 Nc4 30.Ng3  0-1

[Event "White Nights op"]
[Site "St Petersburg"]
[Date "1998.06.27"]
[Round "8"]
[White "Andreev, Vl"]
[Black "Chepukaitis, Genrikh"]
[Result "1-0"]
[WhiteElo "2325"]
[BlackElo "2420"]

1.e4 g6 2.d4 Bg7 3.Nc3 d6 4.Be3 Nd7 5.Qd2 a6 6.Nf3 h6 7.h3 e6 8.Bd3 Ne7 9.Rd1 b6
10.d5 g5 11.dxe6 fxe6 12.Bc4 Nf8 13.Bd4 Bxd4 14.Qxd4 Rg8 15.e5 d5 16.Qg4 Nf5
17.Nxd5 exd5 18.Bxd5 Qxd5 19.Rxd5 Be6 20.Rd2 Ng6 21.Qe4 Kf7 22.O-O Rae8 23.Nd4 Nxd4
24.Rxd4 Kg7 25.Qb7 Re7 26.Qxa6 Rf8 27.Qa3 Ref7 28.Qe3 Rf5 29.Rfd1 R8f7 30.Rd8 h5
31.Re8 Nf8 32.Rdd8 h4 33.a4 Rf4 34.f3 Kh6 35.a5 bxa5 36.Qc5  1-0

[Event "SVK-ch"]
[Site "Prievidza"]
[Date "1998.06.28"]
[Round "2.6"]
[White "Korbela, Lubomir"]
[Black "Lybin, Dmitry"]
[Result "1/2-1/2"]
[WhiteElo "2205"]
[BlackElo "2410"]

1.e4 g6 2.d4 Bg7 3.Nc3 d6 4.Nf3 Bg4 5.Be2 Nc6 6.Be3 Nf6 7.Qd2 Nd7 8.Ng1 Bxe2
9.Ngxe2 Nb6 10.b3 e6 11.O-O O-O 12.Bh6  1/2-1/2

[Event "SVK-ch"]
[Site "Prievidza"]
[Date "1998.06.29"]
[Round "3.41"]
[White "Lyocsa, Stefan"]
[Black "Borik, Juraj"]
[Result "1/2-1/2"]
[WhiteElo "1908"]
[BlackElo "2105"]

1.e4 g6 2.d4 Bg7 3.Nc3 d6 4.Nf3 Nf6 5.Be2 O-O 6.O-O c6 7.h3 Nbd7 8.Bf4 Nh5
9.Be3 e5 10.dxe5 dxe5 11.a4 Nf4 12.Bc4 Qf6 13.Ne1 Nb6 14.Bb3 Be6 15.Bxe6 fxe6
16.b3 Rf7 17.a5 Nd7 18.Kh2 g5 19.g3 Ng6 20.a6 b6 21.Qd6 Rc8 22.Qd2 h6 23.Qe2 Bf8
24.Nd3 Kh7 25.Nd1 Nf4 26.gxf4 exf4 27.e5 Qf5 28.Bd4 c5 29.Bb2 c4 30.bxc4 Rxc4
31.f3 Nc5 32.N1f2 h5 33.Rg1 g4 34.hxg4  1/2-1/2

[Event "RUS-Cup06"]
[Site "Nizhnij Novgorod"]
[Date "1998.07.01"]
[Round "3"]
[White "Vifleemskaia, Svetlana"]
[Black "Soloviov, Sergei"]
[Result "0-1"]
[WhiteElo "2240"]
[BlackElo "2390"]

1.e4 g6 2.d4 Bg7 3.Nc3 d6 4.Be3 a6 5.Qd2 Nd7 6.f3 Ngf6 7.Bd3 c5 8.Nce2 cxd4
9.Nxd4 d5 10.Nge2 dxe4 11.Bxe4 Nxe4 12.fxe4 O-O 13.Bh6 Nf6 14.Bxg7 Kxg7 15.Qe3 Qa5+
16.Nc3 Qh5 17.Nf3 Rd8 18.Qg5 Qxg5 19.Nxg5 h6 20.Nf3 b5 21.a3 Bb7 22.Nd2 a5
23.Nxb5 Nxe4 24.Nf3 Rac8 25.c3 Rc5 26.Nbd4 e5 27.Ne2 Ba6 28.b4 Rc7 29.Rc1 Rd3
30.Nxe5 Re3 31.c4 Nf6 32.b5 Bxb5 33.Kf2 Rxe5 34.cxb5 Ne4+ 35.Kf3 Rce7 36.Rc2  0-1

[Event "RUS-Cup06"]
[Site "Nizhnij Novgorod"]
[Date "1998.07.03"]
[Round "5"]
[White "Yagupov, Igor"]
[Black "Irzhanov, Ruslan"]
[Result "1/2-1/2"]
[WhiteElo "2450"]
[BlackElo "2535"]

1.e4 g6 2.d4 Bg7 3.Nc3 d6 4.Nf3 Nf6 5.Be3 c6 6.Qd2 b5 7.Bd3 O-O 8.Bh6 Bg4
9.Bxg7 Kxg7 10.Ng5 e5 11.dxe5 dxe5 12.h3 Bc8 13.a4 b4 14.Ne2 c5 15.Qe3 Qe7
16.O-O Nc6 17.c3 Bb7 18.a5 a6 19.Ng3 h6 20.Nf3 Ne8 21.Nd2 Nc7 22.Nb3 Ne6
23.Bc4 Ncd8 24.Rfd1 Rc8 25.Qd3 bxc3 26.bxc3 h5 27.Qd7 Qf6 28.Rd6 Rb8 29.Nd2 h4
30.Ngf1 Bc8 31.Qa7 Rb7 32.Qxa6 Ra7 33.Qb6 Rb7 34.Qa6 Rd7 35.Qxc8 Rxd6 36.a6 Nc6
37.Qb7 Nf4 38.Nf3 Nxh3+ 39.gxh3 Qxf3 40.a7 Rf6 41.a8=Q Rxa8 42.Rxa8 Qxf2+
43.Kh1 Qf3+ 44.Kg1 Qxc3 45.Qc8  1/2-1/2

[Event "RUS-Cup06"]
[Site "Nizhnij Novgorod"]
[Date "1998.07.04"]
[Round "6"]
[White "Chernikova, Svetlana"]
[Black "Shurygin, Sergey"]
[Result "1/2-1/2"]
[WhiteElo "2120"]
[BlackElo "2305"]

1.e4 d6 2.d4 g6 3.Nc3 Bg7 4.Be3 a6 5.Be2 b5 6.a3 Bb7 7.Nf3 Nd7 8.O-O e6 9.Re1 Ne7
10.Qd2 O-O 11.Bh6 f6 12.Bxg7 Kxg7 13.Rad1 Qe8 14.b4 Nb6 15.Qe3 e5 16.dxe5 fxe5
17.Ng5 Rf6 18.Bg4 Bc8 19.Bxc8 Rxc8 20.Nd5 Nexd5 21.exd5 Qg8 22.Qh3 Rf5 23.f4 Kh8
24.g3 Re8 25.Qh4 Nc4 26.Ne6 c6 27.fxe5 Nxe5 28.Qd4 cxd5 29.Nc7 Ref8 30.Nxd5 Qg7
31.Kg2 Rc8 32.c3 Rc4 33.Qb6 Qf7 34.Re2 Ng4 35.Nf4 Ne5 36.Qxd6 Qb7+ 37.Qd5 Qxd5+
38.Rxd5 Ng4 39.Rxf5 gxf5 40.h3 Nf6 41.Re6 Ne4 42.Ne2 Nxc3 43.Nxc3 Rxc3 44.Rxa6 Kg7
45.h4 h5 46.Rb6 Rxa3 47.Rxb5 Kf6 48.Rb8 Rb3 49.Rb6+ Ke5 50.Rb8 Rb2+ 51.Kh3 Kf6
52.Rh8 Kg6 53.Rg8+ Kh6 54.Rg5 Rxb4 55.Rxf5 Rb2 56.Rg5 Ra2 57.Rc5 Kg6 58.Rc1 Rb2
59.Rg1 Ra2 60.Rg2 Ra3 61.Re2 Rb3 62.Kg2 Kf5 63.Rf2+ Kg6 64.Rd2 Ra3 65.Kf2 Rb3
66.Rd5 Ra3 67.Re5 Rb3 68.Re3 Rb2+ 69.Kf3 Kf5 70.Rd3 Rb5 71.Ra3  1/2-1/2

[Event "Politiken Cup"]
[Site "Copenhagen"]
[Date "1998.07.06"]
[Round "3"]
[White "Matthiesen, Martin"]
[Black "Hillarp Persson, Tiger"]
[Result "1/2-1/2"]
[WhiteElo "2265"]
[BlackElo "2410"]

1.d4 g6 2.e4 Bg7 3.Nc3 d6 4.Nf3 a6 5.a4 Nf6 6.Be2 O-O 7.O-O b6 8.Bc4 e6 9.Bg5 h6
10.Bh4 g5 11.Bg3 Nh5 12.d5 Nxg3 13.hxg3 c6 14.Nd4 exd5 15.exd5 c5 16.Nc6 Nxc6
17.dxc6 Bxc3 18.bxc3 Be6 19.Bd5 Rc8 20.c4 Qe8 21.Qh5 Kg7 22.Rae1 Qe7 23.f4  1/2-1/2

[Event "Politiken Cup"]
[Site "Copenhagen"]
[Date "1998.07.07"]
[Round "4"]
[White "Fuglsang, Flemming"]
[Black "Hoi, Carsten"]
[Result "0-1"]
[WhiteElo "2280"]
[BlackElo "2430"]

1.e4 g6 2.d4 Bg7 3.Nc3 d6 4.f4 Nf6 5.Nf3 c5 6.Bb5+ Bd7 7.e5 Ng4 8.Bxd7+ Qxd7
9.d5 dxe5 10.h3 e4 11.Nxe4 Nf6 12.Nxf6+ Bxf6 13.O-O O-O 14.Be3 Rd8 15.c4 Na6
16.Ne5 Qf5 17.Qf3 b5 18.g4 Qc8 19.Nc6 bxc4 20.g5 Rd7 21.gxf6 exf6 22.d6 Kg7
23.Rad1 Nb4 24.Ne7 Qd8 25.f5 Rxd6 26.Bh6+ Kxh6 27.Qf4+ Kg7 28.Qxd6 Nd3 29.Qxd8 Rxd8
30.Nc6 Re8 31.b3 g5 32.bxc4 Re3 33.Kg2 Nf4+ 34.Rxf4 gxf4 35.a4 Rg3+ 36.Kh2 Ra3
37.a5 Ra2+ 38.Kg1 Kh6 39.Rf1 Kg5 40.Rf2 Ra1+ 41.Kg2 Kxf5 42.Nxa7 Rxa5 43.Nb5 Ra4
44.Rc2 Ra8 45.Kf3 Rd8 46.Rc3 Rd2 47.Ra3 h5 48.h4 Ke5 49.Ra8 Rd3+ 50.Ke2 Rb3
51.Re8+ Kf5 52.Nd6+ Kg4 53.Rg8+ Kxh4 54.Kf2 Kh3 55.Ne4 h4 56.Rg1 Kh2 57.Rg4 h3
58.Rxf4 Rb2+ 59.Ke3 Kg1 60.Rh4 Rb3+ 61.Ke2 f5 62.Nd2 Rg3 63.Rh8 Kg2 64.Rh4 Rg4
65.Nf3 Re4+ 66.Rxe4 fxe4 67.Nh4+ Kg1  0-1